Visible Information Packaged Systems Ltd v Squarepoint (London) Ltd and others (Record no. 64280)
[ view plain ]
| 000 -LEADER | |
|---|---|
| fixed length control field | 01341cam a2200217 4500 |
| 001 - CONTROL NUMBER | |
| control field | ABS62638 |
| 008 - FIXED-LENGTH DATA ELEMENTS--GENERAL INFORMATION | |
| fixed length control field | 000000n2000 000 0 eng u |
| 035 ## - SYSTEM CONTROL NUMBER | |
| System control number | (Sirsi) u107549 |
| 245 ## - TITLE STATEMENT | |
| Title | Visible Information Packaged Systems Ltd v Squarepoint (London) Ltd and others |
| 260 ## - PUBLICATION, DISTRIBUTION, ETC. | |
| Date of publication, distribution, etc. | 2000 |
| 490 ## - SERIES STATEMENT | |
| Series statement | Estates Gazette Law Reports |
| Volume/sequential designation | [2000] 30 EG 121-125(5) |
| 520 ## - SUMMARY, ETC. | |
| Summary, etc. | LT 16 February 2000. The tenants of W and B applied to the Leasehold Valuation Tribunal (LVT) for a determination of the premium to be paid to the freeholder S, and to the intermediate leaseholder, V, in consideration of a new, extended lease of a flat under the Leasehold Reform, Housing and Urban Development Act 1993 s48. The LVT determined the compensation payable to V, for the value of its intermediate lease, at £184. V appealed, contending that the LVT, in calculating the loss-of-profit rent, when all parties had agreed that the loss-of the gross rent should be taken, had been wrong. 'Held' appeal was allowed. |
| 590 ## - LOCAL NOTE (RLIN) | |
| Local note | ABS |
| 650 ## - SUBJECT ADDED ENTRY--TOPICAL TERM | |
| Topical term or geographic name entry element | VISIBLE INFORMATION PACKAGED SYSTEMS LTD V SQUAREPOINT (LONDON) LTD |
| 650 ## - SUBJECT ADDED ENTRY--TOPICAL TERM | |
| Topical term or geographic name entry element | CALCULATION OF VALUE |
| 650 ## - SUBJECT ADDED ENTRY--TOPICAL TERM | |
| Topical term or geographic name entry element | GROSS RENT |
| 650 ## - SUBJECT ADDED ENTRY--TOPICAL TERM | |
| Topical term or geographic name entry element | LEASEHOLD REFORM, HOUSING AND URBAN DEVELOPMENT ACT 1993 S13 |
| 650 ## - SUBJECT ADDED ENTRY--TOPICAL TERM | |
| Topical term or geographic name entry element | LOSS OF PROFIT |
| 690 ## - LOCAL SUBJECT ADDED ENTRY--TOPICAL TERM (OCLC, RLIN) | |
| Topical term or geographic name as entry element | LANDLORD AND TENANT-LEASEHOLD REFORM-CASE LAW |
| 942 ## - ADDED ENTRY ELEMENTS (KOHA) | |
| Suppress in OPAC | 0 |
| Withdrawn status | Lost status | Source of classification or shelving scheme | Damaged status | Not for loan | Home library | Current library | Shelving location | Date acquired | Total Checkouts | Full call number | Barcode | Date last seen | Copy number | Price effective from | Koha item type |
|---|---|---|---|---|---|---|---|---|---|---|---|---|---|---|---|
| Dewey Decimal Classification | London | London | Journal article | 04/08/2000 | ABS62638 | 107549-1001 | 06/08/2019 | 1 | 06/08/2019 | Law report |